| 000 | 01045nac a22002891u 4500 | ||
|---|---|---|---|
| 003 | EG-ScBUE | ||
| 005 | 20220911114952.0 | ||
| 008 | 200219t1949 nyuaf f 000 0 eng d | ||
| 035 | _a(OCoLC)510882 | ||
| 040 |
_aEG-ScBUE _beng _erda _cEG-ScBUE _dEG-ScBUE |
||
| 082 | 0 | 4 |
_a701.18 _bPEP _222 |
| 100 | 1 |
_aPepper, Stephen C. _q(Stephen Coburn), _d1891-1972, _eauthor. |
|
| 245 | 1 | 0 |
_aPrinciples of art appreciation / _cStephen G. Pepper, professor of philosophy and aesthetics, chairman of the Department of Art, University of California, Berkeley. |
| 264 | 1 |
_aNew York, _bHarcourt, Brace and Company, _c[1949] |
|
| 264 | 4 | _cc1949 | |
| 300 |
_avii, 326 pages : _billustrations, 20 plates ; _c24 cm |
||
| 336 |
_2rdacontent _atext _btxt |
||
| 337 |
_2rdamedia _aunmediated _bn |
||
| 338 |
_2rdacarrier _avolume _bnc |
||
| 650 | 7 |
_aArt criticism. _2BUEsh |
|
| 650 | 7 |
_aArt _xStudy and teaching. _2BUEsh |
|
| 651 | _2BUEsh | ||
| 653 | _bART | ||
| 655 |
_vReading book _934232 |
||
| 942 |
_cBB _2ddc |
||
| 999 |
_c2953 _d2953 |
||